La vida sexual en la antigua China / (Record no. 66690)

MARC details
000 -LEADER
campo de control de longitud fija 00919nam a2200277 i 4500
001 - NÚMERO DE CONTROL
campo de control 66690
003 - IDENTIFICADOR DE NÚMERO DE CONTROL
campo de control ES-MaACL
005 - FECHA Y HORA DE LA ÚLTIMA TRANSACCIÓN
campo de control 20230906165800.0
007 - CAMPO FIJO DE DESCRIPCIÓN FÍSICA--INFORMACIÓN GENERAL
campo de control de longitud fija t|
008 - DATOS DE LONGITUD FIJA--INFORMACIÓN GENERAL
campo de control de longitud fija 040322s1995 ve a |||| | spa d
020 ## - NÚMERO INTERNACIONAL ESTÁNDAR DEL LIBRO
Número Internacional Estándar del Libro 980-01-0671-5
080 ## - NÚMERO DE LA CLASIFICACIÓN DECIMAL UNIVERSAL
Número de la Clasificación Decimal Universal 613.88(51)
100 1# - ENTRADA PRINCIPAL--NOMBRE DE PERSONA
Nombre de persona Gulik, Robert Hans van.
9 (RLIN) 60927
245 13 - MENCIÓN DEL TÍTULO
Título La vida sexual en la antigua China /
Mención de responsabilidad, etc. R.H. van Gulik ; traducción Rosario Blanco Facal ; edición al cuidado de Alejandro Salas.
250 ## - MENCION DE EDICION
Mención de edición 1ª ed.
260 ## - PUBLICACIÓN, DISTRIBUCIÓN, ETC.
Lugar de publicación, distribución, etc. Caracas :
Nombre del editor, distribuidor, etc. Monte Avila Latinoamericana,
Fecha de publicación, distribución, etc. 1995.
300 ## - DESCRIPCIÓN FÍSICA
Extensión 511 p. :
Otras características físicas il. ;
Dimensiones 20 cm.
490 1# - MENCIÓN DE SERIE
Mención de serie Estudios. Serie Sociales
650 #4 - PUNTO DE ACCESO ADICIONAL DE MATERIA--TÉRMINO DE MATERIA
Término de materia o nombre geográfico como elemento de entrada Sexualidad-
Subdivisión geográfica China-
Subdivisión de forma Historia.
9 (RLIN) 17081
651 #4 - PUNTO DE ACCESO ADICIONAL DE MATERIA--NOMBRE GEOGRÁFICO
Nombre geográfico China-
Subdivisión general Usos y costumbres.
9 (RLIN) 8064
700 1# - ENTRADA AGREGADA--NOMBRE PERSONAL
Nombre de persona Blanco Facal, Rosario.
9 (RLIN) 29246
700 1# - ENTRADA AGREGADA--NOMBRE PERSONAL
Nombre de persona Salas, Alejandro.
9 (RLIN) 101721
830 0# - PUNTO DE ACCESO ADICIONAL DE SERIE-TÍTULO UNIFORME
Título uniforme Estudios. Serie Sociales
9 (RLIN) 230826
852 ## - LOCALIZACIÓN
Ubicación ES-MaACL
Número de control de estantería L-27181
Holdings
Estatus retirado Estado de pérdida Estado de daño No para préstamo Biblioteca de origen Biblioteca actual Ubicación en estantería Fecha de adquisición Fuente de adquisición Total de préstamos Signatura topográfica completa Código de barras Visto por última vez Precio de reemplazo Tipo de ítem Koha
        Biblioteca del Ateneo de Madrid Biblioteca del Ateneo de Madrid Depósito 2 17/01/2008     L-27181 1069855 23/02/2023 23/02/2023 Libro impreso